| 000 | 00699nam a2200205Ii 4500 | ||
|---|---|---|---|
| 003 | JO-AjNU | ||
| 008 | 230605s9999||||xx |||||||||||||| ||und|| | ||
| 040 |
_aJO-AjNU _bara _erda _cJO-AjNU |
||
| 041 | _aara | ||
| 050 | 1 | 4 | _aDP101.2000 |
| 100 | 3 |
_aالسعيدي، سمير, _eauthor _920542 |
|
| 245 | 0 | 0 | _aاصل العائلة العربية وانواع الزواج القديمة عند العرب |
| 250 | _aط1 | ||
| 264 | 3 | 1 | _aبيروت: دار الملتقى، 2000 |
| 300 | _a160ص | ||
| 336 |
_atext _btxt _2rdacontent |
||
| 337 |
_aunmediated _bn _2rdamedia |
||
| 338 |
_avolume _bnc _2rdacarrier |
||
| 650 | 4 |
_aاالعرب- تاريخ ، العرب تقاليد الزواج _920543 |
|
| 999 |
_aA6980 _c10548 _d10548 |
||